| 000 | 007320000a22002290004500 | ||
|---|---|---|---|
| 090 |
_aAR _b01352 |
||
| 245 | 1 | 0 | _aMolecular systematics of the fruit bat; Artibeus jamaicensis: origin of an unusual island population |
| 650 | 1 | 4 |
_aSistemática animal _992968 |
| 650 | 1 | 4 |
_aFrugivoros _993040 |
| 650 | 1 | 4 |
_aDNA _994496 |
| 650 | 1 | 4 |
_aAnálisis genético _975159 |
| 651 | 4 |
_pAntillas _992749 |
|
| 653 |
_gArtibeus _eArtibeus jamaicensis |
||
| 041 | 0 | _aInglés | |
| 700 | 1 |
_aKim, Iksoo _994640 |
|
| 700 | 1 |
_aRemsen, James _994641 |
|
| 700 | 1 |
_aPhillips, Carlenton J. _993970 |
|
| 700 | 1 |
_aGenoways, Hugh H. _993478 |
|
| 100 | 1 |
_aPumo, Dorothy _994642 |
|
| 942 | _cARTICULO | ||
| 773 | 1 |
_tJournal of Mammalogy _3106 _h2 _q491-503 _d1996 _g77 |
|
| 999 |
_c10437 _d10437 |
||